000 00624nam a22002297a 4500
003 UA-OsUOA
001 39637
007 ta
008 20060623b un ||||| |||| 00| 0 ukr d
100 _aБудилова Е.А.
090 _a159.9(470+571)
_bБ90
942 _cBK
040 _aUA-OsUOA
_brus
_cUA-OsUOA
_dUA-OsUOA
245 _aСоциально-психологические проблемы в русской науке
300 _a232 с.
955 _a1
041 _arus
080 _a159.9(470+571)
260 _aМ.
_bНаука
_c1983
650 7 _a159.9 Психологія
_2UDC
999 _c325778
_d325778